La integración al servicio del hombre

Zapisane w:
Opis bibliograficzny
1. autor: Faddeev, Nikolái
Format: Texto
Wydane: s.l: Agencia de prensa Nóvosti
Etykiety: Dodaj etykietę
Nie ma etykietki, Dołącz pierwszą etykiete!

MARC

LEADER 00000 a a2200000 04500
001 25256
003
040
090 |a 180600  
100 |a Faddeev, Nikolái  
245 |a La integración al servicio del hombre  
260 |a s.l:   |b Agencia de prensa Nóvosti  
300 |a 101 p  
999 |c 8254  |d 8254